Generator Dash #23 - Statistics

General Stats
  • This quiz has been taken 102 times
  • The average score is 6 of 11
Answer Stats
Hint Answer % Correct
Pirate's bird (6) Parrot
94%
Animals that hunt (9) Predators
85%
Take in a stray (5) Adopt
72%
Leaves, sets sail (7) Departs
67%
Magician's "Hey _____!" (6) Presto
55%
Glue (5) Paste
52%
Tyrannical ruler (6) Despot
48%
Philosopher Jean-Paul (6) Sartre
43%
German cheers (5) Prost
38%
Capture, apprehend (6) Arrest
31%
9-Letter Word TEARDROPS
6%
No matching quizzes found
Score Distribution
Percent of People with Each Score
Percentile by Number Answered
Your Score History
You have not taken this quiz